000
00202 a2200097 4500
001
913
100
_a
Lauver,H
245
_a
Dervomechanism fandamentals
260
_a
_b
Mcgrawhill
_c
090
_c
503
_d
503
942
_a
NUST-CAE
_c
M
_c
31412
999
_c
235986
_d
235986